00471nam a2200157Ia 450000500170000000800460001703700120006304000200007504100130009508400210010810000180012924501020014726000370024930000140028636500130030020250508164508.0008 250505s9999 xx 000 0 eng d aTextual aFEDLbengcFEDL aeng2eng a321.8, RUDqFEDL aRudebeck Lars 0aWhen democracy makes sense : Studies in the democratic potential of third world popular movements aSwedenbUppsala Universityc1992 axii,399p. aINRb500